000 00535nam a2200145 i 4500
001 63259
003 ES-MaACL
007 t|
008 031205s1975 sp ||||1| spa d
100 1 _aFernández-Sevilla, Julio.
_950097
245 1 0 _aFormas y estructuras en el léxico agrícola andaluz
_b: interpretación y estudio de 200 mapas linguísticos /
_cJulio Fernández-Sevilla.
260 _aMadrid :
_bConsejo Superior de Investigaciones Científicas,
_c1975.
300 _aXII, 540 p. ;
_c25 cm.
852 _aES-MaACL
_jE-8545
_bR.92995
999 _c63259
_d63259